ბათუმის შოთა რუსთაველის სახელმწიფო უნივერსიტეტის ბიბლიოთეკა

Тракторы и автомобили. (ბიბ.ჩანაწერი № 40795)

000 -LEADER
fixed length control field 00762nam a2200241Ia 4500
001 - CONTROL NUMBER
control field 7435
003 - CONTROL NUMBER IDENTIFIER
control field GE_BSU
008 - FIXED-LENGTH DATA ELEMENTS--GENERAL INFORMATION
fixed length control field 181216s||||||||xx |||||||||||||| ||und||
040 ## - CATALOGING SOURCE
Transcribing agency GE_BSU
080 ## - UNIVERSAL DECIMAL CLASSIFICATION NUMBER
Universal Decimal Classification number 629.114(035)+629.33
100 ## - MAIN ENTRY--PERSONAL NAME
Personal name Долматовский,Ю.А. Трепененков,И.И. Леоничева,С.К.
245 ## - TITLE STATEMENT
Title Тракторы и автомобили.
245 ## - TITLE STATEMENT
Remainder of title Краткий-справочник.
245 ## - TITLE STATEMENT
Statement of responsibility, etc. Ред. П.П.Гребцов.
250 ## - EDITION STATEMENT
Edition statement Изд. четвертое, исправл. и дополн.
260 ## - PUBLICATION, DISTRIBUTION, ETC.
Place of publication, distribution, etc. М.
260 ## - PUBLICATION, DISTRIBUTION, ETC.
Name of publisher, distributor, etc. колос.
260 ## - PUBLICATION, DISTRIBUTION, ETC.
Date of publication, distribution, etc. 1966.
300 ## - PHYSICAL DESCRIPTION
Extent 383 стр. с илл. 21 см.
300 ## - PHYSICAL DESCRIPTION
Accompanying material табл.
653 ## - INDEX TERM--UNCONTROLLED
Uncontrolled term Тракторы и автомобили.
942 ## - ADDED ENTRY ELEMENTS (KOHA)
Koha item type წიგნი
ეგზემპლარები
Withdrawn status Lost status Damaged status Not for loan Date acquired Barcode Date last seen Price effective from Koha item type
        2018-12-17 10349 2018-12-17 2018-12-17 წიგნი